000
00229 a2200109 4500
001
31381
090
_c
21270
_d
21270
100
_a
Omura, Georg
245
_a
Mastering Auto CAD two thousand
260
_a
New Delhi
_b
BPB
505
_a
CD/DVD
942
_a
NUST-CAE
999
_c
266454
_d
266454